000 00682nam a22002297a 4500
999 _c21364
_d21364
003 AR-CdUCM
008 190225b ||||| |||| 00| 0 spa d
020 _a9786580519040
040 _aMUNICIPALIDAD PROVINCIAL DEL CUSCO
_cBIBLIOTECA MUNICIPAL DEL CUSCO
041 _hpor
082 _a370.79/M10
_bM10
100 _aMartinhago, Ana Paula
_944560
245 _aEducación sociocomunitaria e a Capoeira /
260 _aCampinas ;
_bApparte,
_c2019.
300 _a256 Páginas. :
_c21 cm.
500 _aTexto en idioma Portugués.
650 _aEducación comunitaria
_944561
650 _aCapoeira
_944562
650 _aBrasil
_91261
942 _2ddc
_cLIBROS
945 _aRoel